Online Catalogue and eLibrary

Abandoned children : (Record no. 2894)

MARC details
000 -LEADER
fixed length control field 00487nam a2200181Ia 4500
005 - DATE AND TIME OF LATEST TRANSACTION
control field 20240606031853.0
008 - FIXED-LENGTH DATA ELEMENTS--GENERAL INFORMATION
fixed length control field 240331s9999 xx 000 0 und d
082 ## - DDC Classification
Item Number - Author Mark CHO
Class No. 362
100 ## - MAIN ENTRY--PERSONAL NAME
Personal name Chowdhury, Q.A
100 ## - MAIN ENTRY--PERSONAL NAME
Personal name Shamim,I
245 #0 - TITLE STATEMENT
Title Abandoned children :
Remainder of title better home better future
250 ## - EDITION STATEMENT
Edition statement 1st
260 ## - PUBLICATION, DISTRIBUTION, ETC.
Place of publication, distribution, etc. Bangladesh
Name of publisher, distributor, etc. Centres for Training and Rehabilitation of Destitute Women
Date of publication, distribution, etc. 1994
300 ## - PHYSICAL DESCRIPTION
Extent (e.g. Volumes, Pages etc.) iv,80 p.,
650 ## - SUBJECT ADDED ENTRY--TOPICAL TERM
Topical term or geographic name entry element Children
650 ## - SUBJECT ADDED ENTRY--TOPICAL TERM
Topical term or geographic name entry element Women
942 ## - Koha item type (Biblio)
Koha item type Books in Stacks (Lending)
Holdings
Lost status Damaged status Collection code Home library Current library Shelving location Date acquired Full call number Accession Number Item type
    Lending WERC Library WERC Library Social Science Cupboard 03/31/2024 362.76 CHO 3503 Books in Stacks (Lending)

© WERC Library